|
|
|
|
| LEADER |
00000nam0a2200000 4500 |
| 001 |
88868 |
| 005 |
20231101213628.0 |
| 035 |
|
|
|a (RuTPU)RU\TPU\book\95354
|
| 035 |
|
|
|a RU\TPU\book\357426
|
| 035 |
|
|
|a RU\TPU\book\357427
|
| 090 |
|
|
|a 88868
|
| 100 |
|
|
|a 20170427d1976 k y0rusy50 ca
|
| 101 |
0 |
|
|a rus
|
| 102 |
|
|
|a RU
|
| 105 |
|
|
|a a z 001zy
|
| 200 |
1 |
|
|a Антенны и фидеры. Распространение радиоволн. Спутниковая связь
|e [сборник]
|f Государственный научно-исследовательский институт радио (НИИР) ; под ред. А. Д. Фортушенко
|
| 210 |
|
|
|a Москва
|c Изд-во НИИР
|d 1976
|
| 215 |
|
|
|a 84 с.
|c ил.
|
| 225 |
1 |
|
|a Труды НИИР
|v № 1
|
| 305 |
|
|
|a Осн. в 1949 г.
|
| 320 |
|
|
|a Библиогр. в конце ст.
|
| 606 |
1 |
|
|a Антенны
|x Расчет
|2 stltpush
|3 (RuTPU)RU\TPU\subj\29172
|9 52561
|
| 610 |
1 |
|
|a фидеры
|
| 610 |
1 |
|
|a радиоволны
|
| 610 |
1 |
|
|a отражение
|
| 610 |
1 |
|
|a тропосфера
|
| 610 |
1 |
|
|a дифракция
|
| 610 |
1 |
|
|a зеркальные антенны
|
| 610 |
1 |
|
|a спутниковая связь
|
| 610 |
1 |
|
|a помехозащита
|
| 610 |
1 |
|
|a помехозащищенность
|
| 675 |
|
|
|a 621.396.67.001
|v 4
|
| 702 |
|
1 |
|a Фортушенко
|b А. Д.
|4 340
|
| 712 |
0 |
2 |
|a Государственный научно-исследовательский институт радио (НИИР)
|2 stltpush
|3 (RuTPU)RU\TPU\col\7922
|
| 801 |
|
1 |
|a RU
|b 63413507
|c 20060110
|g PSBO
|
| 801 |
|
2 |
|a RU
|b 63413507
|c 20210420
|g RCR
|
| 942 |
|
|
|c BK
|